000
00217nam a22000977a 4500
020
_a
9780439913072
100
_a
Art Mawhinney
245
_a
Quick! Help the Fish!
260
_a
New York
_b
Scholastic
_c
2007
942
_c
BK
999
_c
265105
_d
265104